LEADER 00897nam0-22002891i-450- 001 990006197590403321 005 19980601 035 $a000619759 035 $aFED01000619759 035 $a(Aleph)000619759FED01 035 $a000619759 100 $a19980601d1937----km-y0itay50------ba 105 $a--------00-yy 200 1 $aIn tema di patti successori$fLuigi Cariota-Ferrara. 210 $aRoma$cIstituto di Studi Legislativi$d1937 215 $a1_11 p.$d24 cm 463 $d$1200$a"Giurisprudenza Comparata di Diritto Commerciale, Marittimo, Aeronautico, Industriale e d'Autore", vol. I 676 $a346.052 700 1$aCariota Ferrara,$bLuigi$068393 801 0$aIT$bUNINA$gRICA$2UNIMARC 901 $aBK 912 $a990006197590403321 952 $aB.SOL.BUSTA C 46$b64375$fFGBC 959 $aFGBC 996 $aIn tema di patti successori$9648725 997 $aUNINA DB $aGIU01 LEADER 01428nam--2200445---450- 001 990001258370203316 005 20031118180752.0 010 $a0-534-3469-4 035 $a000125837 035 $aUSA01000125837 035 $a(ALEPH)000125837USA01 035 $a000125837 100 $a20031113d1996----km-y0itay0103----ba 101 0 $aeng 102 $aUS 105 $a||||||||001yy 200 1 $aCreating documents with Scientific WorkPlace and Scientific Word$fRoger Hunter, Susan Bagby 210 $aLas Cruces$cTCI software research$aPacific Grove$cBrooks/Cole$dcopyr. 1996 215 $aXXIV, 246 p.$d23 cm. 410 0$12001 454 1$12001 461 1$1001-------$12001 606 0 $aElaboratori elettronici$xProgrammi di scienze 606 0 $aElaborazione della parola 676 $a502.85 700 1$aHUNTER,$bRoger$0105123 701 1$aBAGBY,$bSusan$0105124 801 0$aIT$bsalbc$gISBD 912 $a990001258370203316 951 $a502.85 HUN$b11974 Ing.$cHUN 959 $aBK 969 $aTEC 979 $aSIAV4$b10$c20031113$lUSA01$h0902 979 $aSIAV4$b10$c20031113$lUSA01$h0905 979 $aSIAV4$b10$c20031113$lUSA01$h0906 979 $aSIAV4$b10$c20031113$lUSA01$h0906 979 $aSIAV4$b10$c20031118$lUSA01$h1807 979 $aPATRY$b90$c20040406$lUSA01$h1730 996 $aCreating documents with Scientific WorkPlace and Scientific Word$9986493 997 $aUNISA